000 00377 a2200145 4500
999 _c12361
_d12361
003 OSt
005 20240117105226.0
008 240117b ||||| |||| 00| 0 eng d
020 _a9788492810666
082 _a709
_bTRE
100 _aTrebbi, Jean-Charles
245 _aThe art of folding : creative forms in design and architecture
260 _bPromopress
_c2012
942 _2ddc